Care planning : (Record no. 18527)
[ view plain ]
| 000 -LEADER | |
|---|---|
| fixed length control field | 01311cam a22003018a 4500 |
| 001 - CONTROL NUMBER | |
| control field | 17080237 |
| 005 - DATE AND TIME OF LATEST TRANSACTION | |
| control field | 20170418110929.0 |
| 008 - FIXED-LENGTH DATA ELEMENTS--GENERAL INFORMATION | |
| fixed length control field | 111208s2012 enkak frb 001 0 eng d |
| 020 ## - INTERNATIONAL STANDARD BOOK NUMBER | |
| International Standard Book Number | 9780273746119 (pbk.) |
| 040 ## - CATALOGING SOURCE | |
| Original cataloging agency | DNLM/DLC |
| Transcribing agency | DLC |
| Modifying agency | EG-ScBUE |
| 082 00 - DEWEY DECIMAL CLASSIFICATION NUMBER | |
| Classification number | 610.73 |
| Edition number | 22 |
| Item number | BAR |
| 100 1# - MAIN ENTRY--PERSONAL NAME | |
| Personal name | Barrett, David, |
| Dates associated with a name | 1972- |
| 9 (RLIN) | 36388 |
| 245 10 - TITLE STATEMENT | |
| Title | Care planning : |
| Remainder of title | a guide for nurses / |
| Statement of responsibility, etc | David Barrett, Benita Wilson, Andrea Woollands. |
| 250 ## - EDITION STATEMENT | |
| Edition statement | 2nd ed. |
| 260 ## - PUBLICATION, DISTRIBUTION, ETC. (IMPRINT) | |
| Place of publication, distribution, etc | Harlow : |
| Name of publisher, distributor, etc | Pearson Education, |
| Date of publication, distribution, etc | 2012. |
| 300 ## - PHYSICAL DESCRIPTION | |
| Extent | xiii, 242 p. : |
| Other physical details | forms, tables ; |
| Dimensions | 24 cm. |
| 500 ## - GENERAL NOTE | |
| General note | Index : p. 237-242. |
| 504 ## - BIBLIOGRAPHY, ETC. NOTE | |
| Bibliography, etc | Bibliography : p. 231-236. |
| 505 0# - FORMATTED CONTENTS NOTE | |
| Formatted contents note | Care planning in context-ASPIRE / the problem-solving approach to care delivery-Models of nursing and the Activities of Living model-Orem's Self-Care Deficit model of nursing-The Neuman Systems model-Assessment tools-Organising care planning and delivery-Assessment-Systematic nursing diagnosis-Planning care -Implementation -Rechecking and evaluation. |
| 650 20 - SUBJECT ADDED ENTRY--TOPICAL TERM | |
| Topical term or geographic name as entry element | Models, Nursing. |
| 9 (RLIN) | 36389 |
| 653 ## - INDEX TERM--UNCONTROLLED | |
| Resource For college | Nursing |
| Arrived date list | November2014 |
| -- | March2015 |
| 655 ## - INDEX TERM--GENRE/FORM | |
| Form subdivision | |
| -- | 34232 |
| 650 22 - SUBJECT ADDED ENTRY--TOPICAL TERM | |
| 9 (RLIN) | 20329 |
| Topical term or geographic name as entry element | Patient Care Planning |
| 650 12 - SUBJECT ADDED ENTRY--TOPICAL TERM | |
| 9 (RLIN) | 4472 |
| Topical term or geographic name as entry element | Nursing care |
| 700 1# - ADDED ENTRY--PERSONAL NAME | |
| Personal name | Wilson, Benita. |
| 9 (RLIN) | 36390 |
| 700 1# - ADDED ENTRY--PERSONAL NAME | |
| Personal name | Woollands, Andrea. |
| 9 (RLIN) | 36391 |
| 942 ## - ADDED ENTRY ELEMENTS (KOHA) | |
| Source of classification or shelving scheme | Dewey Decimal Classification |
| Call number prefix | 610.73 BAR |
| Withdrawn status | Item status | Source of classification or shelving scheme | Damaged status | Not for loan | Vendor | Home library | Current library | Shelving location | Date acquired | Source of acquisition | Cost, normal purchase price | Serial Enumeration / chronology | Total Checkouts | Total Renewals | Full call number | Barcode | Date last seen | Date last borrowed | Cost, replacement price | Koha item type |
|---|---|---|---|---|---|---|---|---|---|---|---|---|---|---|---|---|---|---|---|---|
| Dewey Decimal Classification | Baccah | Central Library | Central Library | First floor | 02/11/2014 | 255.00 | 20526 | 2 | 39 | 610.73 BAR | 000036895 | 15/07/2025 | 23/11/2022 | 318.75 | Book - Borrowing | |||||
| Dewey Decimal Classification | Baccah | Central Library | Central Library | First floor | 28/03/2015 | 255.00 | 22358 | 1 | 1 | 610.73 BAR | 000037832 | 15/07/2025 | 15/04/2015 | 318.75 | Book - Borrowing | |||||
| Dewey Decimal Classification | Baccah | Central Library | Central Library | First floor | 28/03/2015 | 255.00 | 22358 | 1 | 610.73 BAR | 000037833 | 15/07/2025 | 19/12/2015 | 318.75 | Book - Borrowing |